000
00304nam a2200133Ia 4500
008
221030s9999 xx 000 0 und d
041
_a
English
082
_a
105.23
100
_a
Anil Kumar/335
245
0
_a
S/S EQUIPMENT CT,PT,CVT,WT, LA ISOLATOR
260
_a
Jammu
_c
2004
650
_a
EE
942
_c
TH
999
_c
272
_d
272